00000000nam##2200000za#4500
0019.637066
003CaOODSP
00520250910142445
007cr |||||||||||
008150407|2009||||xxc|||||o    f|0| 0 fre|d
020 |a978-1-100-93072-5
040 |aCaOODSP|bfre
043 |an-cn---
0861 |aD2-256/2009F-PDF
1101 |aCanada. |bMinistère de la défense nationale.
24510|aCollège des forces canadiennes |h[ressource électronique]
260 |aOttawa - Ontario : |bDéfense nationale |c[2009].
300 |a2p.|bphotographies
590 |a12-24-Supp|b2012-05-30
69107|aCollège militaire|2gcpds
77508|tCanadian Forces College |w(CaOODSP)9.692857
85640|ahttp://publications.gc.ca|qPDF|s283 Ko|uhttps://publications.gc.ca/collections/collection_2011/dn-nd/D2-256-2009-fra.pdf